00363 a2200109 450000500170000008200120001710000090002924501450003826000300018330000310021361000090024420250820070927.0 a657 NBA aNBAA aCorporate reporting, C2 - Auditing and assurance, C3 - Business and corporate finance, C4 - Public finance and taxation II: Final stage Q&A  aDar es SalaambNBAAc2917 a105p.: ill. ; Tablesc20cm tNBAA